Diseases of bamboos in Asia : An illustrated manual

Bibliographic Details
Main Author: MOHANAN
Corporate Author: International Network for Bamboo and Rattan (INBAR)
Format: Book
Published: Beijing, China : International Network for Bamboo and Rattan , 1997
Subjects:

MARC

LEADER 00000cam a2200000 7i4500
001 0000001005
005 20131207.0
020 0 0 |a 8186247203 
090 0 0 |a 584.9   |b MOH 1997 
100 1 0 |a MOHANAN   |h C. 
245 1 0 |a Diseases of bamboos in Asia :   |b An illustrated manual   |c C. Mohanan 
260 0 0 |a Beijing, China :   |b International Network for Bamboo and Rattan ,   |c 1997 
300 |a 228 p. :   |b col. ill. ;   |c 24 cm. 
500 0 0 |a Bibliography: [p. 152-176] and index 
650 0 0 |a Bamboo   |x Diseases and pests   |x Handbooks, manuals, etc. 
710 1 1 |a International Network for Bamboo and Rattan (INBAR) 
998 |a JPSM 
999 |a 0000002350   |b Monograph   |c Open Shelf   |e Default branch